000 00777nam a2200265Ia 4500
003 OSt
005 20221005060610.0
006 a|||||r|||| 00| 0
007 ta
008 221004b |||||||| |||| 00| 0 eng d
020 _a0415160286
024 _a18318
037 _cTextual
040 _aCRL
_cCRL
_beng
041 _2eng
_aeng
082 _aV41:1943,(X).N9, N7
100 _aGoodman David S. G. Editor
_9599700
245 0 _aChina Rising
_b Nationalism and interdependence
260 _aLondon
_bRoutledge England
_c1997
300 _a196 p.
_ccm.
650 _aHISTORY
700 _a Segal Gerald Editor
_9599701
942 _hV41:1943,(X).N9, N7
_cTEXL
_2cc
999 _c966952
_d966952